000 01635nam a2200493 i 4500
001 26009
003 KOSZ 005
005 20210809103641.0
008 070508s1973 pl a f f |000 0 pol
015 _aUWD 1973/7645
035 _a991034006559705066
035 _a(PL-WaBN)b1909887x-48omnis_nlop
035 _ab1909887x
035 _a(OCoLC)316522608
035 _axx001282042
035 _a(PL)b0000001909887
035 _a(EXLNZ-48OMNIS_NETWORK)9910446171005606
040 _aWA N
_cWA N
_dKOSZ 005/HR
046 _k1973
080 _a711.4/.6
080 _a72
080 _a(075.8)
100 1 _aDunajewska, Jadwiga
_eAutor
245 1 0 _aPodstawy urbanistyki i architektury /
_cJadwiga Dunajewska .
260 _aLublin :
_bWydawnictwo Wyższej Szkoły Inżynierskiej,
_c1973.
300 _a[12], 10, 292 s. :
_bil. ;
_c23 cm.
336 _aTekst
_btxt
_2rdacontent
337 _aBez urządzenia pośredniczącego
_bn
_2rdamedia
338 _aWolumin
_bnc
_2rdacarrier
380 _aKsiążki
380 _aPublikacje dydaktyczne
385 _mPoziom nauczania
_aSzkoły wyższe
388 _a1901-2000
388 _a1945-1989
490 1 _aWydawnictwo Wyższej Szkoły Inżynierskiej w Lublinie
504 _aBibliogr.
650 7 _aUrbanistyka
_2DBN
655 7 _aPodręczniki akademickie
_2DBN
658 _aArchitektura i budownictwo
710 _aWydawnictwo Wyższej Szkoły Inżynierskiej w Lublinie
856 _uhttp://koha.tu.koszalin.pl/cgi-bin/koha/opac-detail.pl?biblionumber=26009
_yKatalog online BPK
942 _2UKD
_cKS
999 _c26009
_d26009